<?xml version="1.0" encoding="UTF-8"?>
<collection xmlns="http://www.loc.gov/MARC21/slim">
 <record>
  <leader>01427nam a2200313   4500</leader>
  <controlfield tag="001">1/28410</controlfield>
  <controlfield tag="008">050919s2005    enk       b   001 0aeng d</controlfield>
  <datafield tag="020" ind1=" " ind2=" ">
   <subfield code="a">012385251X</subfield>
  </datafield>
  <datafield tag="020" ind1=" " ind2=" ">
   <subfield code="a">9780123852519 (electronic bk.)</subfield>
  </datafield>
  <datafield tag="035" ind1=" " ind2=" ">
   <subfield code="l">30313</subfield>
  </datafield>
  <datafield tag="082" ind1="0" ind2="0">
   <subfield code="a">621.395 MUL</subfield>
  </datafield>
  <datafield tag="130" ind1="0" ind2=" ">
   <subfield code="a">The Morgan Kaufmann series in systems on silicon.</subfield>
  </datafield>
  <datafield tag="245" ind1="1" ind2="0">
   <subfield code="a">Multiprocessor Systems-on-Chips /</subfield>
   <subfield code="c">edited by Ahmed Amine Jerraya, Wayne Wolf</subfield>
  </datafield>
  <datafield tag="260" ind1=" " ind2=" ">
   <subfield code="a">Amsterdam :</subfield>
   <subfield code="b">Elsevier,</subfield>
   <subfield code="c">2005</subfield>
  </datafield>
  <datafield tag="300" ind1=" " ind2=" ">
   <subfield code="a">581 p. :</subfield>
   <subfield code="b">diagr. ;</subfield>
   <subfield code="c">24 cm.</subfield>
  </datafield>
  <datafield tag="490" ind1="1" ind2=" ">
   <subfield code="a">The Morgan Kaufmann series in systems on Silicon ;</subfield>
  </datafield>
  <datafield tag="500" ind1=" " ind2=" ">
   <subfield code="a">Διαθέσιμο και σε ηλεκτρονικό βιβλίο, τρόπος πρόσβασης μέσω διαδικτύου.</subfield>
  </datafield>
  <datafield tag="504" ind1=" " ind2=" ">
   <subfield code="a">Incudes index and bibliographical references</subfield>
  </datafield>
  <datafield tag="650" ind1=" " ind2="4">
   <subfield code="a">Systems on a chip</subfield>
   <subfield code="x">Design and construction.</subfield>
  </datafield>
  <datafield tag="650" ind1=" " ind2="4">
   <subfield code="a">Multiprocessors</subfield>
   <subfield code="x">Design and construction.</subfield>
  </datafield>
  <datafield tag="655" ind1=" " ind2="4">
   <subfield code="a">Electronic books.</subfield>
  </datafield>
  <datafield tag="700" ind1="1" ind2=" ">
   <subfield code="a">Jerraya, Ahmed Amine.</subfield>
  </datafield>
  <datafield tag="700" ind1="1" ind2=" ">
   <subfield code="a">Wolf, Marilyn</subfield>
   <subfield code="d">1958-</subfield>
  </datafield>
  <datafield tag="830" ind1=" " ind2=" ">
   <subfield code="a">The Morgan Kaufmann series in systems on silicon.</subfield>
  </datafield>
  <datafield tag="852" ind1=" " ind2=" ">
   <subfield code="a">INST</subfield>
   <subfield code="b">UNIPILB</subfield>
   <subfield code="c">EBOOKS</subfield>
   <subfield code="e">20100625</subfield>
   <subfield code="p">00b30313</subfield>
   <subfield code="q">00b30313</subfield>
   <subfield code="t">ONLINE</subfield>
   <subfield code="y">0</subfield>
  </datafield>
  <datafield tag="852" ind1=" " ind2=" ">
   <subfield code="a">INST</subfield>
   <subfield code="b">UNIPILB</subfield>
   <subfield code="c">MAIN</subfield>
   <subfield code="e">20050919</subfield>
   <subfield code="h">621.395 MUL</subfield>
   <subfield code="p">00149526</subfield>
   <subfield code="q">00149526</subfield>
   <subfield code="t">LOAN</subfield>
   <subfield code="y">0</subfield>
   <subfield code="4">1</subfield>
  </datafield>
  <datafield tag="856" ind1="4" ind2="0">
   <subfield code="u">http://www.sciencedirect.com/science/book/9780123852519</subfield>
  </datafield>
  <datafield tag="856" ind1="4" ind2=" ">
   <subfield code="d">/webopac/covers/02/30313_012385251X.jpg</subfield>
  </datafield>
  <datafield tag="856" ind1="4" ind2=" ">
   <subfield code="d">/webopac/covers/02/30313_9780123852519.jpg</subfield>
   <subfield code="z">(electronic bk.)</subfield>
  </datafield>
 </record>
</collection>
